Histoire - Favorites en titre des rois de France. - Statistiques

Statistiques générales
  • Ce quiz a été pris 11 fois
  • Le résultat moyen est 9 sur 55
Statistiques - réponses
HINT ANSWER % Correct
Louis XIV de France Françoise-Athénaïs de Rochechouart de Mortemart|Marquise de Montespan
89%
Louis XIV de France Françoise d'Aubigné|Marquise de Maintenon
89%
Louis XV de France Jeanne-Antoinette Poisson|Marquise de Pompadour
78%
Henri II de France Diane de Poitiers
67%
Louis XV de France Marie-Jeanne Bécu|Comtesse de Barry
67%
Charles VII de France Agnès Sorel
56%
Henri IV de France Gabrielle d'Estrées
44%
Louis XIV de France Louise Françoise de la Baume le Blanc de la Vallière|Duchesse de la Vallière|Duchesse de Vaujours
44%
Louis XIV de France Marie Mancini
44%
François Ier de France Anne de Pisseleu d'Heilly|Duchesse d'Étampes
33%
François Ier de France Françoise de Foix|Comtesse de Châteaubriant
33%
Charles VI de France Odette de Champdivers
33%
Henri III de France Veronica Franco
33%
Henri IV de France Catherine Henriette de Balzac d'Entragues|Marquise de Verneuil
22%
Louis XIV de France Claude de Vin des Oeillets
22%
Henri IV de France Diane d'Andoins|La Belle Corisandre
22%
Louis XIV de France Hortense Mancini
22%
Louis XIV de France Marie Angélique de Scoraille de Roussille|Duchesse de Fontanges
22%
Henri III de France Marie de Clèves|Princesse de Condé
22%
Charles IX de France Marie Touchet
22%
Louis XIV de France Olympe Mancini
22%
Henri IV de France Charlotte-Marguerite de Montmorency|Princesse de Condé
11%
Henri II de France Nicole de Savigny|Baronne de Fontette
11%
Louis XVIII de France Zoé Talon|Comtesse du Cayla
11%
Louis XV de France Anne Couffier de Romans|Baronne de Meilly-Coulonge
0%
Louis XIV de France Anne de Rohan-Chabot|Princesse de Soubise
0%
Charles VII de France Antoinette de Maignelais
0%
Henri IV de France Antoinette de Pons
0%
Charles V de France Biette de Cassinel
0%
Louis XIV de France Catherine Bellier|Baronne de Beauvais
0%
Louis XV de France Catherine Éléonore Bénard
0%
Henri IV de France Charlotte des Essarts
0%
Louis XIV de France Charlotte-Eléonore Madeleine de la Motte Houdancourt|Duchesse de Ventadour
0%
Louis XV de France Diane-Adélaïde de Mailly|Duchesse du Lauraguais
0%
Henri IV de France Esther Imbert
0%
Henri II de France Filippa Duci
0%
Louis XV de France Françoise de Châlus|Duchesse de Narbonne-Lara
0%
Henri IV de France Françoise de Montmorency
0%
Louis XV de France Irène du Buisson de Longpré
0%
Louis XIV de France Isabelle de Ludres
0%
Henri IV de France Jacqueline de Bueil
0%
Henri II de France Janet Stuart|Jane Fleming
0%
Henri III de France Louise de La Béraudière du Rouhet
0%
Louis XV de France Louise-Jeanne Tiercelin de La Colleterie Madame de Bonneval
0%
Louis XV de France Louise Julie|Comtesse de Mailly
0%
Louis XIV de France Lucie de la Motte-Argencourt
0%
Louis XV de France Lucie Madeleine d'Estaing
0%
Louis XIV de France Mademoiselle de Marivault
0%
Louis XV de France Marguerite-Catherine Haynault|Marquise de Montmélas
0%
Louis XI de France Marguerite de Sassenage
0%
Louis XV de France Marie-Anne de Mailly-Nesle duchesse de Châteauroux
0%
Louis XV de France Marie Thérèse Françoise Boisselet
0%
Louis XV de France Pauline-Félicité de Mailly|Marquise de Vintimille
0%
Louis XI de France Phélisé Regnard
0%
Henri III de France Renée de Rieux de Châteauneuf
0%
Aucun quiz correspondant
Distribution des résultats
% des personnes avec chaque résultat
Percentile par nombre de réponses
Votre historique - résultats
Vous n’avez pas pris ce quiz